| 000 | 00599cam a2200217ua 4500 | ||
|---|---|---|---|
| 020 |
_a81-7099-408-X _c250.00 |
||
| 041 |
_aeng _h |
||
| 082 |
_a331.795 _bSAN/HU |
||
| 100 |
_aSantrupt, Misra . _95951 |
||
| 245 |
_aHuman resource management in public service : A study of Orissa education service / _cSantrupt Misra. _hTextual Documents |
||
| 250 |
_a1 / _b. |
||
| 260 |
_aNew Delhi : _bMittal Publications , _c1992. |
||
| 300 | _a188 ; . | ||
| 365 | _a250.00 | ||
| 504 | _a | ||
| 650 |
_aHuman Resource Management _93244 |
||
| 942 | _cBK | ||
| 999 |
_c35 _d35 |
||
| 003 | @ | ||
| 003 | OSt | ||